000 00539nam a2200181 i 4500
001 22514
003 ES-MaACL
005 20230906152718.0
007 t|
008 021203s1958 pr ||||1| spa d
100 1 _aAlegría, José S.
_919683
245 1 0 _aCartas a Florida /
_cJosé S. Alegría, (Raimundo Lucio).
250 _a[1ª ed.].
260 _aSan Juan de Puerto Rico :
_bClub de la Prensa,
_c[1958] (
_eBarcelona :
_fRumbos)
300 _a216 p. ;
_c22 cm.
700 1 _aLucio, Raimundo.
_974594
852 _aES-MaACL
_jC-27813
999 _c22514
_d22514